000 00634nam a2200217Ia 4500
003 OSt
005 20220925231235.0
006 a|||||r|||| 00| 0
007 ta
008 220923b |||||||| |||| 00| 0 eng d
037 _cGeneral Book
040 _aRTL
_cRTL
_beng
041 _2eng
_aeng
082 _aX7291.73.N6, K4
100 _aMorgan Daniel C.
_9295034
245 0 _aRetail sales tax
_b An appraisal of now issues
260 _aMadison
_bThe university of wisconsin press USA
_c1964
300 _a194p
_ccm.
942 _hX7291.73.N6, K4
_cGB
_2CC
999 _c587815
_d587815